00202 a2200085 4500020001800000100002700018245003500045250000900080260002700089 a9788121925372 aR S Khurmi & J K Gupta aA Text book of Machine Design  a2018 bS. Chand Publlication